| 000 | 00749nam a2200217Ia 4500 | ||
|---|---|---|---|
| 001 | 6976 | ||
| 003 | GE_BSU | ||
| 008 | 181216s||||||||xx |||||||||||||| ||und|| | ||
| 040 | _cGE_BSU | ||
| 080 | _a621.22(075) | ||
| 100 | _aАбрамов,А.И. Иванов-Смоленский,А.В. | ||
| 245 | _aПроектирование гидрогенераторов и синхронных компресоров. | ||
| 245 | _bУчеб. пособие для вузов. | ||
| 260 | _aМ. | ||
| 260 | _bВысш.школа. | ||
| 260 | _c1978. | ||
| 300 | _a312стр.ил.22см. | ||
| 300 | _eтабл. | ||
| 653 | _aПроектирование гидрогенераторов и синхронных компресоров. | ||
| 942 | _cBK | ||
| 999 |
_c40368 _d40368 |
||